<?xml version="1.0" encoding="UTF-8"?>
<record
    xmlns:xsi="http://www.w3.org/2001/XMLSchema-instance"
    xsi:schemaLocation="http://www.loc.gov/MARC21/slim http://www.loc.gov/standards/marcxml/schema/MARC21slim.xsd"
    xmlns="http://www.loc.gov/MARC21/slim">

  <leader>00702nam a2200229Ia 4500</leader>
  <controlfield tag="005">20220127173955.0</controlfield>
  <controlfield tag="008">210716s2001    xx            000 0 und d</controlfield>
  <datafield tag="020" ind1=" " ind2=" ">
    <subfield code="a">8120322355</subfield>
  </datafield>
  <datafield tag="040" ind1=" " ind2=" ">
    <subfield code="c">AIMIT LIBRARY</subfield>
  </datafield>
  <datafield tag="041" ind1=" " ind2=" ">
    <subfield code="a">eng</subfield>
  </datafield>
  <datafield tag="082" ind1=" " ind2=" ">
    <subfield code="a">003 </subfield>
    <subfield code="2">7</subfield>
    <subfield code="b">TAHH</subfield>
  </datafield>
  <datafield tag="100" ind1=" " ind2=" ">
    <subfield code="a">Taha, Hamdy A.</subfield>
    <subfield code="9">14939</subfield>
  </datafield>
  <datafield tag="245" ind1=" " ind2=" ">
    <subfield code="a">Operations research : </subfield>
    <subfield code="b">an introduction /</subfield>
    <subfield code="c">By Hamdy A. Taha.</subfield>
  </datafield>
  <datafield tag="250" ind1=" " ind2=" ">
    <subfield code="a">7th ed.</subfield>
  </datafield>
  <datafield tag="260" ind1=" " ind2=" ">
    <subfield code="a">New Delhi :</subfield>
    <subfield code="b">Prentice Hall India ,</subfield>
    <subfield code="c">2001.</subfield>
  </datafield>
  <datafield tag="300" ind1=" " ind2=" ">
    <subfield code="a">xvii,830p. ;</subfield>
    <subfield code="c">23.5 cm.</subfield>
  </datafield>
  <datafield tag="650" ind1=" " ind2=" ">
    <subfield code="a">Linear Programming.</subfield>
    <subfield code="9">14940</subfield>
  </datafield>
  <datafield tag="650" ind1=" " ind2=" ">
    <subfield code="a">Network Models.</subfield>
    <subfield code="9">14981</subfield>
  </datafield>
  <datafield tag="650" ind1=" " ind2=" ">
    <subfield code="a">Goal Programming.</subfield>
    <subfield code="9">14982</subfield>
  </datafield>
  <datafield tag="650" ind1=" " ind2=" ">
    <subfield code="a">Deterministic Dynamic Programming.</subfield>
    <subfield code="9">14983</subfield>
  </datafield>
  <datafield tag="942" ind1=" " ind2=" ">
    <subfield code="2">ddc</subfield>
    <subfield code="c">BK</subfield>
    <subfield code="e">7th</subfield>
    <subfield code="k">003 TAHH</subfield>
  </datafield>
  <datafield tag="999" ind1=" " ind2=" ">
    <subfield code="c">185338</subfield>
    <subfield code="d">185338</subfield>
  </datafield>
  <datafield tag="952" ind1=" " ind2=" ">
    <subfield code="0">0</subfield>
    <subfield code="1">0</subfield>
    <subfield code="2">ddc</subfield>
    <subfield code="4">0</subfield>
    <subfield code="7">0</subfield>
    <subfield code="8">MCA</subfield>
    <subfield code="a">AIMIT</subfield>
    <subfield code="b">AIMIT</subfield>
    <subfield code="c">OR</subfield>
    <subfield code="d">2021-07-16</subfield>
    <subfield code="g">295.00</subfield>
    <subfield code="l">0</subfield>
    <subfield code="o">003 TAHH</subfield>
    <subfield code="p">MCA04846</subfield>
    <subfield code="r">2025-07-21 00:00:00</subfield>
    <subfield code="v">295.00</subfield>
    <subfield code="w">2021-07-16</subfield>
    <subfield code="y">BK</subfield>
  </datafield>
  <datafield tag="952" ind1=" " ind2=" ">
    <subfield code="0">0</subfield>
    <subfield code="1">0</subfield>
    <subfield code="2">ddc</subfield>
    <subfield code="4">0</subfield>
    <subfield code="7">0</subfield>
    <subfield code="8">MCA</subfield>
    <subfield code="a">AIMIT</subfield>
    <subfield code="b">AIMIT</subfield>
    <subfield code="c">OR</subfield>
    <subfield code="d">2021-07-16</subfield>
    <subfield code="g">295.00</subfield>
    <subfield code="l">0</subfield>
    <subfield code="o">003 TAHH</subfield>
    <subfield code="p">MCA04847</subfield>
    <subfield code="r">2025-07-21 00:00:00</subfield>
    <subfield code="v">295.00</subfield>
    <subfield code="w">2021-07-16</subfield>
    <subfield code="y">BK</subfield>
  </datafield>
  <datafield tag="952" ind1=" " ind2=" ">
    <subfield code="0">0</subfield>
    <subfield code="1">0</subfield>
    <subfield code="2">ddc</subfield>
    <subfield code="4">0</subfield>
    <subfield code="7">0</subfield>
    <subfield code="8">MCA</subfield>
    <subfield code="a">AIMIT</subfield>
    <subfield code="b">AIMIT</subfield>
    <subfield code="c">OR</subfield>
    <subfield code="d">2021-07-16</subfield>
    <subfield code="g">295.00</subfield>
    <subfield code="l">0</subfield>
    <subfield code="o">003 TAHH</subfield>
    <subfield code="p">MCA04848</subfield>
    <subfield code="r">2025-07-21 00:00:00</subfield>
    <subfield code="v">295.00</subfield>
    <subfield code="w">2021-07-16</subfield>
    <subfield code="y">BK</subfield>
  </datafield>
  <datafield tag="952" ind1=" " ind2=" ">
    <subfield code="0">0</subfield>
    <subfield code="1">0</subfield>
    <subfield code="2">ddc</subfield>
    <subfield code="4">0</subfield>
    <subfield code="7">0</subfield>
    <subfield code="8">MCA</subfield>
    <subfield code="a">AIMIT</subfield>
    <subfield code="b">AIMIT</subfield>
    <subfield code="c">OR</subfield>
    <subfield code="d">2021-07-16</subfield>
    <subfield code="g">295.00</subfield>
    <subfield code="l">0</subfield>
    <subfield code="o">003 TAHH</subfield>
    <subfield code="p">MCA04842</subfield>
    <subfield code="r">2025-07-21 00:00:00</subfield>
    <subfield code="v">295.00</subfield>
    <subfield code="w">2021-07-16</subfield>
    <subfield code="y">BK</subfield>
  </datafield>
  <datafield tag="952" ind1=" " ind2=" ">
    <subfield code="0">0</subfield>
    <subfield code="1">0</subfield>
    <subfield code="2">ddc</subfield>
    <subfield code="4">0</subfield>
    <subfield code="7">0</subfield>
    <subfield code="8">MBA</subfield>
    <subfield code="a">AIMIT</subfield>
    <subfield code="b">AIMIT</subfield>
    <subfield code="c">OR</subfield>
    <subfield code="d">2004-04-01</subfield>
    <subfield code="g">295.00</subfield>
    <subfield code="i">Bill no:454;Bill dt:2004-03-02</subfield>
    <subfield code="l">0</subfield>
    <subfield code="o">003 TAHH</subfield>
    <subfield code="p">MBA00043</subfield>
    <subfield code="r">2025-07-21 00:00:00</subfield>
    <subfield code="v">236.00</subfield>
    <subfield code="w">2021-07-16</subfield>
    <subfield code="y">BK</subfield>
  </datafield>
  <datafield tag="952" ind1=" " ind2=" ">
    <subfield code="0">0</subfield>
    <subfield code="1">0</subfield>
    <subfield code="2">ddc</subfield>
    <subfield code="4">0</subfield>
    <subfield code="7">0</subfield>
    <subfield code="8">MBA</subfield>
    <subfield code="a">AIMIT</subfield>
    <subfield code="b">AIMIT</subfield>
    <subfield code="c">OR</subfield>
    <subfield code="d">2004-04-01</subfield>
    <subfield code="g">295.00</subfield>
    <subfield code="i">Bill no:Bill dt:2004-03-03</subfield>
    <subfield code="l">1</subfield>
    <subfield code="o">003 TAHH</subfield>
    <subfield code="p">MBA00044</subfield>
    <subfield code="r">2025-07-21 00:00:00</subfield>
    <subfield code="s">2025-03-26</subfield>
    <subfield code="v">236.00</subfield>
    <subfield code="w">2021-07-16</subfield>
    <subfield code="y">BK</subfield>
  </datafield>
  <datafield tag="952" ind1=" " ind2=" ">
    <subfield code="0">0</subfield>
    <subfield code="1">0</subfield>
    <subfield code="2">ddc</subfield>
    <subfield code="4">0</subfield>
    <subfield code="7">3</subfield>
    <subfield code="8">MBA</subfield>
    <subfield code="a">AIMIT</subfield>
    <subfield code="b">AIMIT</subfield>
    <subfield code="c">OR</subfield>
    <subfield code="d">2004-04-01</subfield>
    <subfield code="g">295.00</subfield>
    <subfield code="i">Bill no:454;Bill dt:2004-03-02</subfield>
    <subfield code="l">0</subfield>
    <subfield code="o">003 TAHH</subfield>
    <subfield code="p">MBA00045</subfield>
    <subfield code="r">2025-07-21 00:00:00</subfield>
    <subfield code="v">236.00</subfield>
    <subfield code="w">2021-07-16</subfield>
    <subfield code="y">BK</subfield>
  </datafield>
  <datafield tag="952" ind1=" " ind2=" ">
    <subfield code="0">0</subfield>
    <subfield code="1">0</subfield>
    <subfield code="2">ddc</subfield>
    <subfield code="4">0</subfield>
    <subfield code="7">0</subfield>
    <subfield code="8">MBA</subfield>
    <subfield code="a">AIMIT</subfield>
    <subfield code="b">AIMIT</subfield>
    <subfield code="c">OR</subfield>
    <subfield code="d">2004-04-07</subfield>
    <subfield code="g">295.00</subfield>
    <subfield code="i">Bill no:5925;Bill dt:2004-03-30</subfield>
    <subfield code="l">0</subfield>
    <subfield code="o">003 TAHH</subfield>
    <subfield code="p">MBA00166</subfield>
    <subfield code="r">2025-07-21 00:00:00</subfield>
    <subfield code="v">236.00</subfield>
    <subfield code="w">2021-07-16</subfield>
    <subfield code="y">BK</subfield>
  </datafield>
  <datafield tag="952" ind1=" " ind2=" ">
    <subfield code="0">0</subfield>
    <subfield code="1">0</subfield>
    <subfield code="2">ddc</subfield>
    <subfield code="4">0</subfield>
    <subfield code="7">0</subfield>
    <subfield code="8">MBA</subfield>
    <subfield code="a">AIMIT</subfield>
    <subfield code="b">AIMIT</subfield>
    <subfield code="c">OR</subfield>
    <subfield code="d">2004-04-15</subfield>
    <subfield code="g">295.00</subfield>
    <subfield code="i">Bill no:5935; Bill dt:2004-03-31</subfield>
    <subfield code="l">0</subfield>
    <subfield code="o">003 TAHH</subfield>
    <subfield code="p">MBA00277</subfield>
    <subfield code="r">2025-07-21 00:00:00</subfield>
    <subfield code="v">236.00</subfield>
    <subfield code="w">2021-07-16</subfield>
    <subfield code="y">BK</subfield>
  </datafield>
  <datafield tag="952" ind1=" " ind2=" ">
    <subfield code="0">0</subfield>
    <subfield code="1">0</subfield>
    <subfield code="2">ddc</subfield>
    <subfield code="4">0</subfield>
    <subfield code="7">0</subfield>
    <subfield code="8">MBA</subfield>
    <subfield code="a">AIMIT</subfield>
    <subfield code="b">AIMIT</subfield>
    <subfield code="c">OR</subfield>
    <subfield code="d">2004-04-15</subfield>
    <subfield code="g">295.00</subfield>
    <subfield code="i">Bill no:5935;Bill dt:2004-03-31</subfield>
    <subfield code="l">0</subfield>
    <subfield code="o">003 TAHH</subfield>
    <subfield code="p">MBA00358</subfield>
    <subfield code="r">2025-07-21 00:00:00</subfield>
    <subfield code="v">236.00</subfield>
    <subfield code="w">2021-07-16</subfield>
    <subfield code="y">BK</subfield>
  </datafield>
  <datafield tag="952" ind1=" " ind2=" ">
    <subfield code="0">0</subfield>
    <subfield code="1">0</subfield>
    <subfield code="2">ddc</subfield>
    <subfield code="4">0</subfield>
    <subfield code="7">0</subfield>
    <subfield code="8">MBA</subfield>
    <subfield code="a">AIMIT</subfield>
    <subfield code="b">AIMIT</subfield>
    <subfield code="c">OR</subfield>
    <subfield code="d">2004-04-01</subfield>
    <subfield code="g">295.00</subfield>
    <subfield code="i">Bill no:5935;Bill dt:2004-03-02</subfield>
    <subfield code="l">0</subfield>
    <subfield code="o">003 TAHH</subfield>
    <subfield code="p">MBA00359</subfield>
    <subfield code="r">2025-07-21 00:00:00</subfield>
    <subfield code="v">236.00</subfield>
    <subfield code="w">2021-07-16</subfield>
    <subfield code="y">BK</subfield>
  </datafield>
  <datafield tag="952" ind1=" " ind2=" ">
    <subfield code="0">0</subfield>
    <subfield code="1">0</subfield>
    <subfield code="2">ddc</subfield>
    <subfield code="4">0</subfield>
    <subfield code="7">0</subfield>
    <subfield code="8">MCA</subfield>
    <subfield code="a">AIMIT</subfield>
    <subfield code="b">AIMIT</subfield>
    <subfield code="c">OR</subfield>
    <subfield code="d">2021-07-16</subfield>
    <subfield code="g">295.00</subfield>
    <subfield code="l">0</subfield>
    <subfield code="o">003 TAHH</subfield>
    <subfield code="p">MCA04843</subfield>
    <subfield code="r">2025-07-21 00:00:00</subfield>
    <subfield code="v">236.00</subfield>
    <subfield code="w">2021-07-16</subfield>
    <subfield code="y">BK</subfield>
  </datafield>
  <datafield tag="952" ind1=" " ind2=" ">
    <subfield code="0">0</subfield>
    <subfield code="1">0</subfield>
    <subfield code="2">ddc</subfield>
    <subfield code="4">0</subfield>
    <subfield code="7">0</subfield>
    <subfield code="8">MCA</subfield>
    <subfield code="a">AIMIT</subfield>
    <subfield code="b">AIMIT</subfield>
    <subfield code="c">OR</subfield>
    <subfield code="d">2021-07-16</subfield>
    <subfield code="g">295.00</subfield>
    <subfield code="l">0</subfield>
    <subfield code="o">003 TAHH</subfield>
    <subfield code="p">MCA04844</subfield>
    <subfield code="r">2025-07-21 00:00:00</subfield>
    <subfield code="v">236.00</subfield>
    <subfield code="w">2021-07-16</subfield>
    <subfield code="y">BK</subfield>
  </datafield>
  <datafield tag="952" ind1=" " ind2=" ">
    <subfield code="0">0</subfield>
    <subfield code="1">0</subfield>
    <subfield code="2">ddc</subfield>
    <subfield code="4">0</subfield>
    <subfield code="7">0</subfield>
    <subfield code="8">MCA</subfield>
    <subfield code="a">AIMIT</subfield>
    <subfield code="b">AIMIT</subfield>
    <subfield code="c">OR</subfield>
    <subfield code="d">2021-07-16</subfield>
    <subfield code="g">295.00</subfield>
    <subfield code="l">0</subfield>
    <subfield code="o">003 TAHH</subfield>
    <subfield code="p">MCA04845</subfield>
    <subfield code="r">2025-07-21 00:00:00</subfield>
    <subfield code="v">236.00</subfield>
    <subfield code="w">2021-07-16</subfield>
    <subfield code="y">BK</subfield>
  </datafield>
</record>
